| 000 | 00803nam a22002177a 4500 | ||
|---|---|---|---|
| 999 |
_c8049 _d8049 |
||
| 003 | AR-CdUCM | ||
| 008 | 190322b ||||| |||| 00| 0 spa d | ||
| 040 |
_aMUNICIPALIDAD PROVINCIAL DEL CUSCO _cBIBLIOTECA MUNICIPAL DEL CUSCO |
||
| 082 |
_a581 / _bU73 |
||
| 100 |
_aUrbizagástegui Alvarado, Rubén _92857 |
||
| 245 |
_aLa literatura sobre plantas medicinales del Perú : _banálisis y bibliografía / |
||
| 260 |
_aLima : _bArteidea Editores, _c2008. |
||
| 300 |
_a112 páginas ; _c21 cm. |
||
| 505 | _aIntroducción -- Revisión de la literatura -- Metodología -- Resultados ... | ||
| 650 |
_aEstadística bibliotecaria _922747 |
||
| 650 |
_aBibliometría _922748 |
||
| 650 |
_aPlantas medicinales _914338 |
||
| 700 |
_aLane-Urbizagástegui, Shelley _922749 |
||
| 942 |
_2ddc _cLIBROS |
||
| 945 | _aacv | ||